000 nam a22 7a 4500
999 _c8147
_d8147
008 171130b xxu||||| |||| 00| 0 eng d
100 _94584
_aFULL MARKS
245 _aSOCIAL SCIENCE-XCBSE
260 _aNEW DELHI
_bFULL MARKS
_c2018